| 000 | 01715nam a2200409 i 4500 | ||
|---|---|---|---|
| 001 | 000048595 | ||
| 003 | DO-SdBNP | ||
| 005 | 20260515134744.0 | ||
| 007 | ta | ||
| 008 | 100331s2014 dr 001 0 spa d | ||
| 020 | _a9789945586121 | ||
| 040 |
_aDO-SdBNP _bspa _cBNPHU _erda |
||
| 041 | 1 | 7 | _hspa |
| 082 | 4 |
_a972.9304 _bJ61m 2014 _222 |
|
| 100 | 1 |
_aJimenes Grullón, Juan Isidro, _d1903-1983 _eautor _4aut. _92482 |
|
| 245 | 1 | 3 |
_aEl mito de los padres de la patria : _bdebate histórico / _cJuan Isidro Jimenez Grullón ; prólogo, J. G. Campillo Pérez ; presentación de la tercera edición, Antonio Thomén sobre el autor Vetilio Alfau Durán. |
| 250 | _atercera edición | ||
| 264 | 4 |
_aSanto Domingo : _bEditora Archivo General de la Nación, _c©2014. |
|
| 300 |
_a399 páginas ; _c23 cm. |
||
| 336 |
_atexto _btxt _2rdacontent |
||
| 337 |
_asin mediación _bn _2rdamedia |
||
| 338 |
_avolumen _bnc _2rdacarrier |
||
| 490 | 0 |
_aArchivo General de la Nación ; _v213 |
|
| 500 | _aIncluye índice onomástico. | ||
| 500 | _aIncluye referencias bibliográficas y notas al pie de las páginas | ||
| 500 | _aIncluye datos biográficos del autor en las solapas | ||
| 590 | _aInventariado, 2019/ YL | ||
| 600 | 1 | 0 |
_aDuarte, Juan Pablo, _d1813-1876 _91494 |
| 600 | 1 | 0 |
_aMella, Matías Ramón, _d1816-1864 _91264 |
| 600 | 1 | 0 |
_aSánchez, Fancisco del Rosario , _d1817-1861 _97226 |
| 651 | 4 |
_aRepública Dominicana _xHistoria _y1844-1861 _9931 |
|
| 651 | 4 |
_aRepública Dominicana _xHistoria, anexión a España _y1861-1865 _91466 |
|
| 700 | 1 |
_aThomén, Antonio, _epresentación _919711 _4pr. |
|
| 700 | 1 |
_aAlfau Durán, Vetilio, _d1909-1985 _esobre autor. _910091 |
|
| 910 | _aVMateo | ||
| 942 |
_2ddc _cLBS1 |
||
| 999 |
_c48083 _d48083 |
||